000 00621nam a22002057a 4500
005 20251108173422.0
008 250721s2002 xx 000 0 ara d
082 1 4 _aط/372.21/برا
100 1 _aبرايت، جاين
245 1 0 _aفي المنزل /
264 1 _aبيروت :
_bمؤسسة المعارف،
_c2002.
300 _a15ص
490 0 _aادر القرص وتعرف على
650 1 7 _aالتعليم قبل المدرسة
650 1 7 _aمدارس الحضانة
653 _aالمنزل
653 _aمرحلة ماقبل المدرسة (0-5سنة)
942 _2ddc
_cBK
999 _c103442
_d103442